000
00266nam a2200109Ia 4500
008
230907s9999||||xx |||||||||||||| ||und||
082
_a
681.28
_b
LAN
100
_a
Upp, E. L.
_9
116162
245
0
_a
Fluid flow measurement :
300
_a
xiv, 282 pages :
942
_c
BK
999
_c
601384
_d
601384